Statistiques concernant Personnages historiques incarnés par Gérard Depardieu

Cliquez ici pour prendre le quiz!

Statistiques générales

  • Ce quiz a été pris 181 fois
  • Le résultat moyen est 5 sur 12

Statistiques - réponses

Réponse% Correct
Christophe Colomb
96%
Joseph Staline
78%
Auguste Rodin
68%
Georges Jacques Danton
59%
Grigori Raspoutine
54%
Nostradamus
50%
Jules Mazarin
45%
Honoré de Balzac
35%
Alexandre Dumas
24%
François Vatel
21%
Dominique Strauss-Khan
9%
Titus
8%

Distribution des résultats

Percentile par nombre de réponses

% des personnes avec chaque résultat

Votre développement - résultats

Vous n’avez pas pris ce quiz